Регенерация питательной воды высокотемпературных турбоустановок с использованием пароохладителей; Энергетика: Эффективность, надежность, безопасность

Bibliografiska uppgifter
Parent link:Энергетика: Эффективность, надежность, безопасность.— 2012.— С. [147-150]
Huvudupphovsman: Ларионов К. Б. Кирилл Борисович
Övriga upphovsmän: Калугин Б. Ф. Борис Федорович
Sammanfattning:Заглавие с титульного листа
Språk:ryska
Publicerad: 2012
Serie:Эффективность теплоэнергетических установок и систем
Ämnen:
Länkar:http://www.lib.tpu.ru/fulltext/c/2012/C15/058.pdf
Materialtyp: Elektronisk Bokavsnitt
KOHA link:https://koha.lib.tpu.ru/cgi-bin/koha/opac-detail.pl?biblionumber=233396

MARC

LEADER 00000naa2a2200000 4500
001 233396
005 20251205132152.0
035 |a (RuTPU)RU\TPU\book\254474 
035 |a RU\TPU\book\254473 
090 |a 233396 
100 |a 20130304d2012 k y0rusy50 ca 
101 0 |a rus 
102 |a RU 
135 |a drcn ---uucaa 
181 0 |a i  
182 0 |a b 
200 1 |a Регенерация питательной воды высокотемпературных турбоустановок с использованием пароохладителей  |f К. Б. Ларионов, Б. Ф. Калугин 
203 |a Текст  |c электронный 
215 |a 1 файл (496 Кб) 
225 1 |a Эффективность теплоэнергетических установок и систем 
300 |a Заглавие с титульного листа 
320 |a [Библиогр.: с. 150 (1 назв.)] 
337 |a Adobe Reader 
463 1 |0 (RuTPU)RU\TPU\book\254143  |t Энергетика: Эффективность, надежность, безопасность  |o материалы XVIII Всероссийской научно-технической конференции, 5-7 декабря 2012 г., Томск  |f Энергетика: Эффективность, надежность, безопасность ; Национальный исследовательский Томский политехнический университет (ТПУ) ; ред. кол. В. В. Литвак [и др.]  |v С. [147-150]  |d 2012 
610 1 |a труды учёных ТПУ 
610 1 |a электронный ресурс 
610 1 |a регенерация 
610 1 |a питательная вода 
610 1 |a высокотемпературные технологии 
610 1 |a пароохладители 
610 1 |a турбоустановки 
700 1 |a Ларионов  |b К. Б.  |c специалист в области теплоэнергетики  |c техник Томского политехнического университета  |f 1990-  |g Кирилл Борисович  |3 (RuTPU)RU\TPU\pers\32948 
701 1 |a Калугин  |b Б. Ф.  |c российский ученый, специалист в области теплоэнергетики  |c доцент Томского политехнического университета, кандидат технических наук  |f 1931-  |g Борис Федорович  |3 (RuTPU)RU\TPU\pers\25525  |9 11455 
801 1 |a RU  |b 63413507  |c 20120830 
801 2 |a RU  |b 63413507  |c 20151102  |g RCR 
856 4 |u http://www.lib.tpu.ru/fulltext/c/2012/C15/058.pdf 
942 |c CF